El palacio de Quintana, residencia de la infanta doña Isabel de Borbón, "la Chata" / (Record no. 179957)

MARC details
000 -LEADER
campo de control de longitud fija 01556nam a2200325 4500
001 - NÚMERO DE CONTROL
campo de control 179957
003 - IDENTIFICADOR DE NÚMERO DE CONTROL
campo de control ES-MaACL
005 - FECHA Y HORA DE LA ÚLTIMA TRANSACCIÓN
campo de control 20250806063141.0
008 - DATOS DE LONGITUD FIJA--INFORMACIÓN GENERAL
campo de control de longitud fija 120307s2011 sp a | |||||||| | spa d
020 ## - NÚMERO INTERNACIONAL ESTÁNDAR DEL LIBRO
Número Internacional Estándar del Libro 978-84-9781-647-2
080 ## - NÚMERO DE LA CLASIFICACIÓN DECIMAL UNIVERSAL
Número de la Clasificación Decimal Universal 725.181(460.27 M.)
100 1# - ENTRADA PRINCIPAL--NOMBRE DE PERSONA
Nombre de persona Portela Sandoval, Francisco,
Fechas asociadas al nombre 1944-2015​
Término indicativo de función/relación Autor
9 (RLIN) 93213
245 13 - MENCIÓN DEL TÍTULO
Título El palacio de Quintana, residencia de la infanta doña Isabel de Borbón, "la Chata" /
Mención de responsabilidad, etc. Francisco José Portela Sandoval ; [colabora, Gonzalo Ramos Jácome ; fotografía, Pablo Linés Viñuales y Francisco José Portela Sandoval]
260 ## - PUBLICACIÓN, DISTRIBUCIÓN, ETC.
Lugar de publicación, distribución, etc. [Madrid] :
Nombre del editor, distribuidor, etc. Ministerio de Defensa, Subdirección General de Publicaciones,
Fecha de publicación, distribución, etc. 2011
300 ## - DESCRIPCIÓN FÍSICA
Extensión XVI, 334 páginas :
Otras características físicas ilustraciones (blanco y negro y color), planos ;
Dimensiones 30 cm
490 1# - MENCIÓN DE SERIE
Mención de serie Edificios militares singulares
RLIN 224570
504 ## - NOTA DE BIBLIOGRAFÍA, ETC.
Nota de bibliografía, etc. Bibliografía: páginas [307]-311
600 14 - PUNTO DE ACCESO ADICIONAL DE MATERIA--NOMBRE DE PERSONA
Nombre de persona Borbón y Borbón, Isabel de,
Títulos y otros términos asociados al nombre Infanta de España,
Fechas asociadas al nombre 1851-1931
9 (RLIN) 144239
610 14 - PUNTO DE ACCESO ADICIONAL DE MATERIA--NOMBRE DE ENTIDAD CORPORATIVA
Nombre de entidad corporativa o nombre de jurisdicción como elemento de entrada España.
Unidad subordinada Ejército del Aire
9 (RLIN) 3799
650 #4 - PUNTO DE ACCESO ADICIONAL DE MATERIA--TÉRMINO DE MATERIA
Término de materia o nombre geográfico como elemento de entrada Palacio de Quintana (Madrid)
9 (RLIN) 149533
700 1# - ENTRADA AGREGADA--NOMBRE PERSONAL
Nombre de persona Ramos Jácome, Gonzalo
Término indicativo de función/relación Colaborador
9 (RLIN) 149531
700 1# - ENTRADA AGREGADA--NOMBRE PERSONAL
Nombre de persona Linés, Pablo
Término indicativo de función/relación Fotógrafo
9 (RLIN) 149532
700 1# - ENTRADA AGREGADA--NOMBRE PERSONAL
Nombre de persona Portela Sandoval, Francisco,
Fechas asociadas al nombre 1944-2015​
Término indicativo de función/relación Fotógrafo
9 (RLIN) 93213
710 1# - ENTRADA AGREGADA--NOMBRE DE ENTIDAD CORPORATIVA
Nombre de entidad corporativa o nombre de jurisdicción como elemento de entrada España.
Unidad subordinada Ministerio de Defensa
Término indicativo de función/relación Editor
9 (RLIN) 3853
830 #0 - PUNTO DE ACCESO ADICIONAL DE SERIE-TÍTULO UNIFORME
Título uniforme Edificios militares singulares
9 (RLIN) 224570
852 ## - LOCALIZACIÓN
Ubicación ES-MaACL
Sublocalización o colección R.148287
Ubicación en estantería Depósito 1
Signatura antigua Olim: N-5044
Donativo/Legado Donación Ministerio de Defensa
Número de control de estantería A-12039
itemnumber 186862
942 ## - ELEMENTOS DE ENTRADA SECUNDARIOS (KOHA)
Fuente del sistema de clasificación o colocación Clasificación decimal universal
Tipo de ítem Koha Libro impreso
Suprimir en OPAC No
Holdings
Estatus retirado Estado de pérdida Fuente del sistema de clasificación o colocación Estado de daño No para préstamo Biblioteca de origen Biblioteca actual Ubicación en estantería Fecha de adquisición Fuente de adquisición Total de préstamos Signatura topográfica completa Código de barras Visto por última vez Tipo de ítem Koha
    Clasificación decimal universal     Biblioteca del Ateneo de Madrid Biblioteca del Ateneo de Madrid Depósito 1 07/03/2012 Donación   A-12039 1189058 23/02/2023 Libro impreso